| 000 | 03909cam a22005414i 4500 | ||
|---|---|---|---|
| 003 | PE-LiUPU | ||
| 005 | 20250731173046.0 | ||
| 008 | 101130s2011 mnua rb 001 0 eng d | ||
| 020 |
_a9780800697730 _q(alk. paper) |
||
| 035 | _a(Sirsi) i9780800697730 | ||
| 035 | _a(OCoLC)646121910 | ||
| 040 |
_aDLC _bspa _cDLC _dYDX _dBTCTA _dYDXCP _dSLT _dBWX _dCDX _dBHA _dXPQ _dBDX _dBMS _dOCLCQ _dOCLCO _dOCLCF _dOCLCQ _dMOR _dPE-LiUPU _erda |
||
| 049 | _aPRUA | ||
| 050 | 0 | 0 |
_aBS2332 _b.E37 2011 |
| 082 | 0 | 0 |
_a225.1 _bE34 _222 |
| 100 | 1 |
_aEhrman, Bart D. _d1955- , _eautor |
|
| 245 | 1 | 4 |
_aThe reliability of the New Testament / _cBart D. Ehrman & Daniel B. Wallace in dialogue ; Robert B. Stewart, editor. |
| 264 | 1 |
_aMinneapolis : _bFortress Press, _c2011. |
|
| 300 |
_axix, 220 páginas : _bilustraciones ; _c23 centímetros |
||
| 336 |
_atext _2rdacontent |
||
| 337 |
_aunmediated _2rdamedia |
||
| 338 |
_avolume _2rdacarrier |
||
| 504 | _aBibliografía : páginas 187-215. | ||
| 504 | _aÍndices : páginas 217-220. | ||
| 505 | 0 | _aIntroduction : Why New Testament textual criticism matters : a non-critic's perspective / Robert B. Stewart -- The textual reliability of the New Testament : a dialogue / Bart D. Ehrman and Daniel B. Wallace -- Text and transmission in the second century / Michael W. Holmes -- The necessity of a theology of Scripture / Dale B. Martin -- What is the text of the New Testament? / David Parker -- Who changed the text and why? : probable, possible, and unlikely explanations / William Warren -- Assessing the stability of the transmitted texts of the New Testament and the Shepherd of Hermas / K. Martin Heide -- Textual criticism and textual confidence : how reliable is Scripture? / Craig A. Evans -- Authors or preservers? : scribal culture and the theology of Scriptures / Sylvie T. Raquel. | |
| 520 | 8 | _a"This volume highlights points of agreement and disagreement between two leading scholars on the subject of the textual reliability of the New Testament: Bart Ehrman, James A. Gray Distinguished Professor at the University of North Carolina at Chapel Hill and author of the best-selling book Misquoting Jesus: The Story Behind Who Changed the Bible and Why, and Daniel Wallace, Professor of New Testament Studies at Dallas Theological Seminary and Executive Director of the Center for the Study of New Testament Manuscripts. This conversation between Ehrman and Wallace allows the reader to see in print how each presents his position in light of the other's. Contributions follow from an interdisciplinary team featuring specialists in biblical studies, philosophy, and theology. The textual reliability of the New Testament is logically prior to its interpretation and thus important for the Christian religion. This book provides interested readers a fair and balanced case for both sides and allows them to decide for themselves: What does it mean for a text to be textually reliable? How reliable is the New Testament? How reliable is reliable enough?"--Publisher description. | |
| 526 | _aSEG42 | ||
| 526 | _aSEG41 | ||
| 526 | _aSEG40 | ||
| 526 | _aSEG39 | ||
| 526 | _aP94 | ||
| 526 | _aP87 | ||
| 526 | _aP86 | ||
| 526 | _aP85 | ||
| 526 | _aP77 | ||
| 526 | _aP76 | ||
| 526 | _aP35 | ||
| 630 | 0 | 4 |
_aBiblia. _pN.T. _xCrítica, Textual. |
| 700 | 1 |
_aStewart, Robert B., _d1957- , _eeditor. |
|
| 700 | 1 |
_aWallace, Daniel B., _eautor. |
|
| 910 |
_adbm _bjpc _cjpc _d20171201 |
||
| 942 |
_2ddc _cBOOK |
||
| 949 |
_a225.1 E34 _wDEWEY _c1 _i77346 _lCATALOGING _mBUL _p19.34 _r0 _sY _tBOOK _u2017-12-04 _xPOSGRADO _PP85 _0DONACION _o.STAFF. Colección Teología |
||
| 994 |
_aC0 _bPEPRU |
||
| 596 | _a1 | ||
| 999 |
_a225.1 E34 _wDEWEY _c26474 _i77346 _f2021-11-9 _g4 _lCCODEBUL1 _mBUL _p19.34 _r0 _sY _tBOOK _u2017-12-4 _xTEOLOGIA _PP85 _0DONACION _o.STAFF. Colección Teología _d26474 |
||
| 980 |
_81 _gALBERTO SANCHEZ Responsable de Automatización |
||